ISBD(NBM) medzinárodný štandardný bibliografický popis pre neknižné dokumenty

Enregistré dans:
Détails bibliographiques
Autres auteurs: Kucianová, Anna
Format: Livre
Langue:slovaque
Publié: Martin Matica slovenská - Slovenská národná knižnica - Národný bibliografický ústav 1998
Édition:1. vydanie
Sujets:
Tags: Ajouter un tag
Pas de tags, Soyez le premier à ajouter un tag!

MARC

LEADER 00000nam a2200000 4500
001 c100262
005 20221109093801.1
020 |a 80-7090-316-3 
041 0 |a slo 
044 |a SK 
245 1 0 |a ISBD(NBM)  |b medzinárodný štandardný bibliografický popis pre neknižné dokumenty  |c Preklad a redakcia Anna Kucianová 
250 |a 1. vydanie 
264 1 |a Martin  |b Matica slovenská - Slovenská národná knižnica - Národný bibliografický ústav  |c 1998 
300 |a 95 s. 
610 2 0 |a bibliografia 
610 2 0 |a knihoveda 
610 2 0 |a štandardizácia 
610 2 0 |a dokumenty 
700 1 |a Kucianová, Anna